| 000 | 00689nam a22002292i 4500 | ||
|---|---|---|---|
| 001 | 32519 | ||
| 003 | BD-RjUL | ||
| 005 | 20211209051841.0 | ||
| 008 | 140427s1952 enk 000 0 eng d | ||
| 035 | _a(BD-RjUL)32608 | ||
| 040 |
_aCOF _cCOF _dUKM _dEQO _dBD-RjUL _beng |
||
| 041 | _aeng | ||
| 082 | 0 | 4 |
_a297 _218 _bKHI 1952 |
| 090 |
_aBP53 _b.K48 |
||
| 100 | 1 |
_aKhan, Rafiq M. _984669 |
|
| 245 | 1 | 0 |
_aIn the footsteps of the prophet : _ba code for Muslim servicemen and students / _cby Rafiq M. Khan ; with a foreword by Sheikh Hafiz Wahba |
| 260 |
_aLondon : _bMacmillan, _c1952. |
||
| 300 |
_axviii, 137 p. ; _c19 cm |
||
| 650 | 0 |
_aIslam _998942 |
|
| 942 |
_2ddc _cBK |
||
| 999 |
_c32519 _d32519 |
||